00734nam a2200181 a 4500001001000000003000500010005001700015008004100032010001100073011001100084040000900095245023800104260003500342300002700377650005800404650004600462710004400508000112782CHAP20220329144321.0161115s2016 mx a ||| ||||||spa d a109243 a110215 cCHAP00aProceso de distritación electoral local y federal 2016-2017 :h[Disco compacto]bmaterial para la consulta a pueblos y comunidades indígenas en matería de distritación electoral /cpor Instituto Nacional Electoral (México). aMéxico, D.F. :bINE.,c2016. a1 CD ROM ;c4 3/4 plg.14aDistritos electoralesxPueblos indígenaszMéxico.14aIndios de MéxicoxActividad política.1 aInstituto Nacional Electoral (México)